La esencia de la caridad

Saved in:  
Bibliographic Details
Main Author: Ramírez, Santiago María 1891-1967 (Author)
Format: Print Book
Language:Spanish
Subito Delivery Service: Order now.
Check availability: HBZ Gateway
WorldCat: WorldCat
Interlibrary Loan:Interlibrary Loan for the Fachinformationsdienste (Specialized Information Services in Germany)
Published: Madrid [u.a.] 1978
In: Biblioteca de teólogos españoles (31,C8)
Year: 1978
Reviews:[Rezension von: Ramírez, Santiago María, 1891-1967, La esencia de la caridad] (1980) (Fritz, Georg)
Series/Journal:Biblioteca de teólogos españoles 31,C8
Further subjects:B Christian ethics (motif)
B Love

MARC

LEADER 00000cam a22000002c 4500
001 1626349274
003 DE-627
005 20251225203320.0
007 tu
008 980902s1978 xx ||||| 00| ||spa c
020 |a 8485045378  |9 84-85045-37-8 
035 |a (DE-627)1626349274 
035 |a (DE-576)068377312 
035 |a (DE-599)BSZ068377312 
035 |a (OCoLC)05637323 
040 |a DE-627  |b ger  |c DE-627  |e rakwb 
041 |a spa 
082 0 |a 241.677 
084 |a 1  |2 ssgn 
084 |a BK 2260  |2 rvk  |0 (DE-625)rvk/11867: 
100 1 |0 (DE-588)122044207  |0 (DE-627)081701594  |0 (DE-576)167088718  |4 aut  |a Ramírez, Santiago María  |d 1891-1967 
109 |a Ramírez, Santiago María 1891-1967  |a Ramírez, Santiago M. 1891-1967  |a Ramírez, Santiago 1891-1967  |a Ramírez, Jacobus Maria 1891-1967  |a Ramírez, J. M. 1891-1967  |a Ramírez Dulanto, Santiago 1891-1967  |a Ramírez, Jacobus M. 1891-1967  |a Ramírez, Santiago O.P. 1891-1967  |a Ramírez, Santiago María O.P. 1891-1967  |a Ramírez, Jacobus M. O.P. 1891-1967 
245 1 3 |a La esencia de la caridad  |c Santiago M. Ramírez. Trad. y pres. de Victorino Rodríguez 
264 1 |a Madrid [u.a.]  |c 1978 
300 |a 384 S. 
336 |a Text  |b txt  |2 rdacontent 
337 |a ohne Hilfsmittel zu benutzen  |b n  |2 rdamedia 
338 |a Band  |b nc  |2 rdacarrier 
490 1 |a Biblioteca de teologos españoles  |v 31,C8 
583 1 |a Archivierung prüfen  |c 20200919  |f DE-640  |z 1  |2 pdager 
583 1 |a Archivierung/Langzeitarchivierung gewährleistet  |f SSG  |x XA-DE-BW  |2 pdager  |5 DE-21 
650 0 7 |0 (DE-588)4069994-8  |0 (DE-627)106101706  |0 (DE-576)209178884  |a Christliche Ethik  |2 gnd 
650 0 7 |0 (DE-588)4035646-2  |0 (DE-627)104589647  |0 (DE-576)209013818  |a Liebe  |2 gnd 
787 0 8 |i Rezensiert in  |a Fritz, Georg  |t [Rezension von: Ramírez, Santiago María, 1891-1967, La esencia de la caridad]  |d 1980  |w (DE-627)1813378908 
830 0 |a Biblioteca de teólogos españoles  |v 31,C8  |9 31,C8  |w (DE-627)521069297  |w (DE-576)019801459  |w (DE-600)2262573-2  |7 am 
935 |a mteo 
936 r v |a BK 2260  |b Kardinaltugenden  |k Theologie und Religionswissenschaften  |k Theologische Ethik/Moraltheologie  |k Allgemeine Moraltheologie/Ethische Grundbegriffe  |k Kardinaltugenden  |0 (DE-627)1270725041  |0 (DE-625)rvk/11867:  |0 (DE-576)200725041 
951 |a BO 
ELC |b 1 
ITA |a 1  |t 1 
LOK |0 000 xxxxxcx a22 zn 4500 
LOK |0 001 3265847187 
LOK |0 003 DE-627 
LOK |0 004 1626349274 
LOK |0 005 20091023102529 
LOK |0 008 980902||||||||||||||||ger||||||| 
LOK |0 040   |a DE-21  |c DE-627  |d DE-21 
LOK |0 852   |a DE-21 
LOK |0 852 1  |c 19 A 12290  |9 00 
LOK |0 935   |a kram  |a konv  |a theo  |a sepp 
LOK |0 939   |a 02-09-98  |b l01 
LOK |0 000 xxxxxcx a22 zn 4500 
LOK |0 001 4228983278 
LOK |0 003 DE-627 
LOK |0 004 1626349274 
LOK |0 005 20221210204014 
LOK |0 008 221210||||||||||||||||ger||||||| 
LOK |0 040   |a DE-Tue135-1  |c DE-627  |d DE-Tue135-1 
LOK |0 852   |a DE-Tue135-1 
LOK |0 852 1  |m p  |9 00 
LOK |0 852 2  |b SJ 7152  |9 00 
LOK |0 8564   |u https://webapp.uibk.ac.at/alo/cat/card.jsp?id=6120070 
LOK |0 935   |a inmo 
LOK |0 938   |k p 
LOK |0 939   |a 10-12-22  |b l01 
ORI |a SA-MARC-ixtheoa001.raw 
STA 0 0 |a Christian ethics (motif),Christian ethics,Ethics,Love,Love,Agape,Love in art 
STB 0 0 |a Amour,Amour,Éthique chrétienne (motif),Éthique chrétienne 
STC 0 0 |a Amor,Amor,Ética cristiana 
STD 0 0 |a Amore,Amore,Etica cristiana 
STE 0 0 |a 基督教伦理,爱,爱 
STF 0 0 |a 基督教倫理,愛,愛 
STG 0 0 |a Amor,Amor,Ética cristã 
STH 0 0 |a Любовь (мотив),Любовь,Христианская этика 
STI 0 0 |a Αγάπη (μοτίβο),Αγάπη,Χριστιανική ηθική 
SYE 0 0 |a Christliche Moral , Liebesempfindung,Liebesgefühl